| 000 | 00526 a2200181 4500 | ||
|---|---|---|---|
| 003 | OSt | ||
| 005 | 20231214091248.0 | ||
| 008 | 231213b |||||||| |||| 00| 0 eng d | ||
| 020 | _a9789355492487 | ||
| 040 | _coclc | ||
| 082 |
_a894.8128 _bWAR/R |
||
| 100 |
_aWarrier, Saraswathi S. _910113 |
||
| 245 |
_aRamanasannidhiyil / _cSaraswathi S. Warrier |
||
| 250 | _a1st ed. | ||
| 260 |
_aKozhikode: _bMathrubhumi Books, _c2022. |
||
| 300 | _a136p. | ||
| 942 |
_2ddc _cBK _h894.8128 _iWAR/R _k894.8128 _mWAR/R |
||
| 999 |
_c44096 _d44096 |
||